000 00885nam a2200253Ia 4500
003 OSt
005 20220923221738.0
006 a|||||r|||| 00| 0
007 ta
008 220922b |||||||| |||| 00| 0 hin d
024 _a199,740
037 _cTextual
040 _aARTS
_cARTS
_bhin
041 _2hin
_ahin
082 _aQ22:228:g(Y:1), 152K0
100 _aपाण्डे, वीणापाणि
_9156292
245 0 _aहरिवंश पुराण का सांस्कृतिक विवेचन
246 _aHarivansha purāṇ kā sāanskṛutik vivechana
260 _aउत्तर प्रदेश
_b सूचना विभाग
_c1994
300 _a343पृ.
_ccm.
650 _aधर्म
942 _hQ22:228:g(Y:1), 152K0
_cTEXL
_2CC
999 _c351479
_d351479